Obce v Olomouckém kraji - Statistics

General Stats
  • This quiz has been taken 58 times
  • The average score is 91 of 402
Answer Stats
Obec Počet obyvatel % Correct
Olomouc 100 514
100%
Přerov 42 451
96%
Šumperk 25 452
96%
Hranice 17 818
89%
Jeseník 10 977
89%
Prostějov 43 381
89%
Šternberk 13 388
89%
Lipník nad Bečvou 7 953
85%
Mohelnice 9 255
85%
Zábřeh 13 479
85%
Litovel 9 651
81%
Uničov 11 281
78%
Tovačov 2 461
74%
Hanušovice 3 030
70%
Javorník 2 725
67%
Kojetín 5 962
63%
Loštice 2 959
63%
Náměšť na Hané 2 138
63%
Velké Losiny 2 552
63%
Červenka 1 433
59%
Konice 2 753
59%
Rapotín 3 291
59%
Štěpánov 3 535
59%
Velká Bystřice 3 513
59%
Grygov 1 564
56%
Nezamyslice 1 483
56%
Čechy 315
52%
Lipová 278 | 716
52%
Lipová-lázně 2 098
52%
Moravský Beroun 2 916
52%
Postřelmov 2 983
52%
Štíty 1 994
52%
Troubky 2 031
52%
Úsov 1 168
52%
Žulová 1 197
52%
Bludov 3 077
48%
Česká Ves 2 392
48%
Libina 3 238
48%
Lutín 3 217
48%
Němčice nad Hanou 1 975
48%
Ostružná 169
48%
Plumlov 2 312
48%
Sobotín 1 142
48%
Staré Město 1 687
48%
Vidnava 1 256
48%
Branná 283
44%
Brodek u Přerova 1 928
44%
Dub nad Moravou 1 625
44%
Hlubočky 4 224
44%
Ivaň 469
44%
Kokory 1 143
44%
Loučná nad Desnou 1 507
44%
Moravičany 1 311
44%
Osek nad Bečvou 1 291
44%
Vápenná 1 301
44%
Vrbátky 1 737
44%
Bohuňovice 2 521
41%
Dlouhá Loučka 2 000
41%
Horka nad Moravou 2 561
41%
Kostelec na Hané 2 897
41%
Mladeč 740
41%
Písečná 976
41%
Potštát 1 182
41%
Senice na Hané 1 774
41%
Zlaté Hory 3 711
41%
Bílá Voda 350
37%
Čechy pod Kosířem 1 047
37%
Drahanovice 1 763
37%
Dzbel 227
37%
Luká 872
37%
Mikulovice 2 508
37%
Náklo 1 498
37%
Pivín 728
37%
Ruda nad Moravou 2 502
37%
Uhelná 479
37%
Velký Újezd 1 355
37%
Bedihošť 1 083
33%
Brodek u Prostějova 1 509
33%
Domašov nad Bystřicí 482
33%
Hoštejn 433
33%
Kožušany-Tážaly 873
33%
Město Libavá 606
33%
Olšany 1 045
33%
Petrov nad Desnou 1 236
33%
Příkazy 1 320
33%
Střeň 602
33%
Vikýřovice 2 342
33%
Babice 453
30%
Bělá pod Pradědem 1 753
30%
Bouzov 1 522
30%
Čelechovice 123
30%
Cholina 743
30%
Daskabát 621
30%
Doloplazy 1 360 | 540
30%
Jívová 590
30%
Kobylá nad Vidnavkou 374
30%
Mírov 369
30%
Nový Malín 3 697
30%
Protivanov 1 029
30%
Říkovice 479
30%
Skalka 268
30%
Teplice nad Bečvou 387
30%
Troubelice 1 870
30%
Vranovice-Kelčice 597
30%
Alojzov 259
26%
Bělkovice-Lašťany 2 274
26%
Bělotín 1 825
26%
Blatec 644
26%
Buk 371
26%
Bystročice 823
26%
Bystrovany 1 015
26%
Čelčice 523
26%
Čelechovice na Hané 1 326
26%
Černá Voda 533
26%
Hlušovice 961
26%
Horní Moštěnice 1 696
26%
Huzová 568
26%
Jindřichov 1 150 | 481
26%
Loučka 199
26%
Mostkovice 1 601
26%
Niva 336
26%
Ptení 1 110
26%
Rokytnice 1 527
26%
Skrbeň 1 167
26%
Slatinice 1 612
26%
Šumvald 1 628
26%
Újezd 1 449
26%
Velká Kraš 718
26%
Věžky 206
26%
Bílá Lhota 1 147
22%
Bohdíkov 1 303
22%
Brníčko 659
22%
Brodek u Konice 809
22%
Buková 308
22%
Citov 543
22%
Dolany 2 845
22%
Drahany 517
22%
Dřevohostice 1 523
22%
Haňovice 450
22%
Hradčany 314
22%
Hustopeče nad Bečvou 1 767
22%
Kladky 346
22%
Kopřivná 296
22%
Kozlov 226
22%
Krčmaň 487
22%
Lhota 320
22%
Lukavice 863
22%
Majetín 1 203
22%
Malé Hradisko 373
22%
Medlov 1 635
22%
Mladějovice 728
22%
Nová Hradečná 760
22%
Obědkovice 286
22%
Ohrozim 480
22%
Oskava 1 281
22%
Otaslavice 1 295
22%
Otinoves 277
22%
Paseka 1 301
22%
Prosenice 797
22%
Prostějovičky 306
22%
Rozstání 624
22%
Samotišky 1 383
22%
Smržice 1 612
22%
Štarnov 817
22%
Stínava 161
22%
Stražisko 436
22%
Supíkovice 669
22%
Určice 1 401
22%
Velký Týnec 3 021
22%
Vícov 552
22%
Vlčice 401
22%
Vřesovice 558
22%
Zdětín 370
22%
Bohuslavice 445 | 518
19%
Bousín 127
19%
Čehovice 520
19%
Domaželice 551
19%
Hněvotín 1 870
19%
Horní Štěpánov 873
19%
Hrabišín 835
19%
Hvozd 642
19%
Komárov 209
19%
Kralice na Hané 1 693
19%
Křelov-Břuchotín 1 769
19%
Leština 1 258
19%
Libavá 0
19%
Lobodice 747
19%
Měrovice nad Hanou 686
19%
Olšany u Prostějova 1 812
19%
Pňovice 1 011
19%
Polom 283
19%
Přáslavice 1 434
19%
Přemyslovice 1 280
19%
Seloutky 534
19%
Senička 357
19%
Slatinky 577
19%
Stará Červená Voda 611
19%
Stavenice 131
19%
Šubířov 251
19%
Suchdol 582
19%
Vilémov 432
19%
Výšovice 497
19%
Želeč 572
19%
Zvole 852
19%
Bílsko 231
15%
Bochoř 979
15%
Březsko 213
15%
Budětsko 430
15%
Černotín 777
15%
Charváty 896
15%
Dětkovice 534
15%
Dobrochov 346
15%
Dobromilice 836
15%
Dubicko 1 102
15%
Grymov 156
15%
Hrabůvka 317
15%
Hrubčice 819
15%
Hruška 258
15%
Jedlí 678
15%
Jesenec 296
15%
Krumsín 589
15%
Lešany 385
15%
Lipina 166
15%
Ludmírov 529
15%
Malá Morava 519
15%
Měrotín 255
15%
Mořice 522
15%
Myslejovice 656
15%
Nemile 667
15%
Norberčany 246
15%
Ondratice 354
15%
Palonín 341
15%
Pavlov 653
15%
Pěnčín 750
15%
Písařov 720
15%
Polkovice 504
15%
Postřelmůvek 313
15%
Rakov 400
15%
Raková u Konice 207
15%
Rohle 622
15%
Soběchleby 588
15%
Stará Ves 615
15%
Stařechovice 537
15%
Třeština 399
15%
Tršice 1 756
15%
Tvorovice 273
15%
Týn nad Bečvou 835
15%
Ústí 563
15%
Ústín 436
15%
Vernířovice 206
15%
Víceměřice 569
15%
Vlkoš 703
15%
Výkleky 279
15%
Želatovice 545
15%
Žerotín 452
15%
Bernartice 871
11%
Bratrušov 638
11%
Bukovany 662
11%
Bušín 387
11%
Císařov 303
11%
Dolní Nětčice 245
11%
Dolní Újezd 1 210
11%
Domašov u Šternberka 345
11%
Dřevnovice 489
11%
Drozdov 352
11%
Držovice 1 473
11%
Hlásnice 228
11%
Hluchov 350
11%
Hnojice 614
11%
Horní Nětčice 212
11%
Horní Studénky 343
11%
Hrabová 657
11%
Jestřebí 668
11%
Jezernice 664
11%
Klenovice na Hané 854
11%
Klopina 623
11%
Kolšov 714
11%
Krchleby 173
11%
Křtomil 419
11%
Laškov 584
11%
Lesnice 651
11%
Lhotka 67
11%
Lipinka 198
11%
Líšnice 397
11%
Loučany 639
11%
Maletín 412
11%
Olbramice 223
11%
Olšovec 514
11%
Pavlovice u Přerova 718
11%
Přestavlky 278
11%
Radslavice 1 151
11%
Radvanice 286
11%
Rájec 527
11%
Skorošice 719
11%
Špičky 287
11%
Strukov 158
11%
Sudkov 1 175
11%
Těšetice 1 324
11%
Tištín 470
11%
Tovéř 620
11%
Uhřičice 525
11%
Veselíčko 891
11%
Zborov 217
11%
Želechovice 234
11%
Beňov 678
7%
Bílovice-Lutotín 510
7%
Biskupice 302
7%
Bohuslávky 316
7%
Bohutín 763
7%
Chromeč 556
7%
Dlouhomilov 489
7%
Dobrčice 232
7%
Dolní Studénky 1 378
7%
Dubčany 252
7%
Hačky 121
7%
Hlinsko 242
7%
Horní Těšice 151
7%
Hraběšice 180
7%
Hradčany-Kobeřice 408
7%
Hradec-Nová Ves 386
7%
Hraničné Petrovice 150
7%
Hrdibořice 213
7%
Hynčina 186
7%
Jakubovice 218
7%
Klopotovice 284
7%
Liboš 637
7%
Luboměř pod Strážnou 128
7%
Lužice 398
7%
Milenov 435
7%
Milotice nad Bečvou 289
7%
Mrsklesy 701
7%
Nelešovice 198
7%
Ochoz 190
7%
Partutovice 520
7%
Police 212
7%
Polomí 149
7%
Provodovice 154
7%
Radíkov 158
7%
Rakůvka 101
7%
Řídeč 195
7%
Šišma 219
7%
Skřípov 330
7%
Šléglov 43
7%
Srbce 89
7%
Suchonice 183
7%
Sušice 324
7%
Svébohov 420
7%
Tučín 439
7%
Velké Kunětice 535
7%
Věrovany 1 382
7%
Vikantice 75
7%
Vitčice 183
7%
Vrchoslavice 618
7%
Všechovice 854
7%
Býškovice 391
4%
Dolní Těšice 70
4%
Horní Loděnice 335
4%
Horní Újezd 435
4%
Janoušov 44
4%
Kamenná 499
4%
Kladníky 151
4%
Klokočí 253
4%
Kosov 320
4%
Koválovice-Osíčany 274
4%
Lazníčky 199
4%
Lazníky 542
4%
Luběnice 503
4%
Malhotice 381
4%
Mutkov 43
4%
Nahošovice 166
4%
Opatovice 827
4%
Oplocany 344
4%
Paršovice 407
4%
Pavlovice u Kojetína 270
4%
Podolí 215
4%
Radkova Lhota 206
4%
Rovensko 824
4%
Skalička 654
4%
Slavětín 202
4%
Sobíšky 153
4%
Stříbrnice 275
4%
Střítež nad Ludinou 849
4%
Svésedlice 227
4%
Vincencov 117
4%
Vyšehoří 252
4%
Zábeštní Lhota 179
4%
Žákovice 243
4%
Bezuchov 188
0%
Křenovice 447
0%
Líšná 259
0%
Oldřichov 115
0%
Oprostovice 86
0%
Radkovy 155
0%
Radotín 181
0%
Rejchartice 176
0%
Rouské 257
0%
Turovice 225
0%
Zámrsky 241
0%
No matching quizzes found
Score Distribution
Percent of People with Each Score
Percentile by Number Answered
Your Score History
You have not taken this quiz